000 00433nam a2200169Ia 4500
005 20250423094439.0
008 250422s9999 xx 000 0 und d
020 _a9788171412105
050 _aQL 615 .G86/
100 _aAlbert C.L.G. Günther
245 3 _aAn introduction to the study of fishes
260 _aNew Delhi
260 _bDiscovery Publishing House LTD.
300 _a311 p
650 _aIchthyology
942 _cBK
999 _c27265
_d27265